বিষয়বস্তু এড়িয়ে যান

Архитектурно-градостроительное проектирование. Стела. Въездной знак в населенный пункт. Проект планировки территории методические указания к выполнению курсового проекта для студентов бакалавриата 1 курса направления 07.03.04 «градостроительство» (профиль «градостроительное проектирование») очной формы обучения

Методические указания представляют собой задания на курсовой проект по дисциплине «Архитектурно-градостроительное проектирование» на тему: «Стела. Въездной знак в населенный пункт. Проект планировки территории». Содержат цели и задачи выполнения курсовой работы. Предлагаются основные пути и средства...

সম্পূর্ণ বিবরণ

সংরক্ষণ করুন:
গ্রন্থ-পঞ্জীর বিবরন
বিন্যাস: Книга
ভাষা:Russian
প্রকাশিত: Воронеж ВГТУ 2023
অনলাইন ব্যবহার করুন:https://e.lanbook.com/book/340430
https://e.lanbook.com/img/cover/book/340430.jpg
ট্যাগগুলো: ট্যাগ যুক্ত করুন
কোনো ট্যাগ নেই, প্রথমজন হিসাবে ট্যাগ করুন!
LEADER 02368nam0a2200253 i 4500
001 340430
003 RuSpLAN
005 20240216150945.0
008 240216s2023 ru gs 000 0 rus
040 |a RuSpLAN 
041 0 |a rus 
044 |a ru 
080 |a 711(07) 
084 |a 85.118.я7  |2 rubbk 
245 0 0 |a Архитектурно-градостроительное проектирование. Стела. Въездной знак в населенный пункт. Проект планировки территории  |b методические указания к выполнению курсового проекта для студентов бакалавриата 1 курса направления 07.03.04 «градостроительство» (профиль «градостроительное проектирование») очной формы обучения 
260 |a Воронеж  |b ВГТУ  |c 2023 
300 |a 27 с. 
504 |a Библиогр.: доступна в карточке книги, на сайте ЭБС Лань 
520 8 |a Методические указания представляют собой задания на курсовой проект по дисциплине «Архитектурно-градостроительное проектирование» на тему: «Стела. Въездной знак в населенный пункт. Проект планировки территории». Содержат цели и задачи выполнения курсовой работы. Предлагаются основные пути и средства архитектурно-образного решения, даются указания к графическому исполнению работы. Приведены примеры его выполнения. Предназначены для студентов направления 07.03.04 «Градостроительство», профиль «Градостроительное проектирование». 
521 8 |a Книга из коллекции ВГТУ - Инженерно-технические науки 
521 8 |a СЭБ 
856 4 |u https://e.lanbook.com/book/340430 
856 4 8 |u https://e.lanbook.com/img/cover/book/340430.jpg 
953 |a https://e.lanbook.com/img/cover/book/340430.jpg